Classifica all-time palloni d'oro - Statistics

Statistiche generali
  • Questo quiz è stato fatto 119 volte
  • Il punteggio medio è 24 su 45
Statistiche sulle risposte
Vittorie Nome Nazionalita % Corretto
5 Cristiano Ronaldo Portogallo
100%
8 Lionel Messi Argentina
100%
Ronaldo Brasile
100%
Marco Van basten Olanda
90%
Luka Modric Croazia
84%
Michel Platini Francia
84%
Fabio Cannavaro Italia
82%
Zinedine Zidane Francia
76%
Roberto Baggio Italia
75%
Pavel Nedved Repubblica ceca
74%
Ruud Gullit Olanda
74%
Ronaldinho Brasile
73%
George Weah Liberia
69%
1 Karim Benzema Francia
69%
Andrij Shevchenko Ucraina
66%
Kaka Brasile
66%
Michael Owen Inghilterra
64%
George Best Irlanda del nord
61%
Paolo Rossi Italia
60%
2 Alfredo Di Stefano Spagna/Argentina
57%
Luis Figo Portogallo
57%
Eusebio Portogallo
56%
Franz Beckenbauer Germania
56%
Johann Cruyff Olanda
55%
Rivaldo Brasile
55%
Gianni Rivera Italia
52%
Matthias Sammer Germania
48%
Omar Sivori Italia/Argentina
44%
Gerd Muller Germania
43%
Lothar Matthäus Germania
43%
Hristo Stoičkov Bulgaria
42%
Bobby Charlton Inghilterra
38%
Jean-Pierre Papin Francia
36%
Karl-Heinz Rummenigge Germania
36%
Luis Suarez Spagna
28%
Stanley Matthews Inghilterra
26%
Lev Jashin URSS
24%
Kevin Keegan Inghilterra
22%
Raymond Kopa Francia
22%
Denis Law Scozia
17%
Allan Simonsen Danimarca
10%
Ivan Belanov URSS
10%
Josef Masopust Repubblica ceca
9%
Oleg Blochin URSS
9%
Flórián Albert Ungheria
7%
Nessun quiz corrispondente trovato
Distribuzione punteggi
Percentuale di utenti per punteggio
Percentile per numero di risposta
I tuoi punteggi nel tempo
Non hai fatto questo quiz